Geodynamics

Geodynamics provides the fundamentals necessary for an understanding of the workings of the solid earth, describing the mechanics of earthquakes, volcanic eruptions, and mountain building in the context of the role of mantle convection and plate tectonics. Observations such as the earth's gravi...

全面介绍

Đã lưu trong:
书目详细资料
主要作者: Turcotte, Donald Lawson
格式: 图书
语言:Undetermined
出版: Cambridge,New York Cambridge University Press 2002
主题:
标签: 添加标签
没有标签, 成为第一个标记此记录!
Thư viện lưu trữ: Trung tâm Học liệu Trường Đại học Cần Thơ
LEADER 00985nam a2200205Ia 4500
001 CTU_160247
008 210402s9999 xx 000 0 und d
020 |c 85 
082 |a 551 
082 |b T933/2nd 
100 |a Turcotte, Donald Lawson 
245 0 |a Geodynamics 
245 0 |c Donald L. Turcotte, Gerald Schubert 
260 |a Cambridge,New York 
260 |b Cambridge University Press 
260 |c 2002 
520 |a Geodynamics provides the fundamentals necessary for an understanding of the workings of the solid earth, describing the mechanics of earthquakes, volcanic eruptions, and mountain building in the context of the role of mantle convection and plate tectonics. Observations such as the earth's gravity field, surface heat flow, distribution of earthquakes, surface stresses and strains, and distribution of elements are discussed 
650 |a Geodynamics,Địa chất học 
910 |a Nguyên 
980 |a Trung tâm Học liệu Trường Đại học Cần Thơ